Catalog

Record Details

Catalog Search



Power through prayer  Cover Image Book Book

Power through prayer / E. M. Bounds

Bounds, Edward M. (Author).

Record details

  • Physical Description: 104 p.
  • Edition: 1st ed.
  • Publisher: Hawthrone, California Hawthorne Cristian School Pub. 1977

Available copies

  • 2 of 2 copies available at Common Catalog SPOK.

Holds

  • 0 current holds with 2 total copies.
Show Only Available Copies
Location Call Number / Copy Notes Barcode Shelving Location Status Due Date
ETS Library 248.32 424470005614 Volný výběr Available -
ETS Library 248.32 424470007331 Volný výběr Available -

LDR 00674nam a2 00241
00135674
003CZ-PrJAB
00520031105000000.0
008031105s1977 xxu e |||| |eng
009us
035 . ‡a(CONS)7206
035 . ‡aKPS5355
041 . ‡aeng
08214. ‡a248.32
100 . ‡798 ‡aBounds, Edward M.
245 . ‡aPower through prayer / ‡cE. M. Bounds
250 . ‡a1st ed.
260 . ‡aHawthrone, California ‡bHawthorne Cristian School Pub. ‡c1977
300 . ‡a104 p.
653 . ‡aPower through prayer
8524 . ‡bETS ‡bETS ‡cVolný výběr ‡j248.32 ‡gA ‡p424470007331
8524 . ‡bETS ‡bETS ‡cVolný výběr ‡j248.32 ‡gA ‡p424470005614
910 . ‡aABG450
999 . ‡a7206 ‡bAUTOGEN ‡c7206 ‡tbiblio
905 . ‡uadmin
901 . ‡a35674 ‡b ‡c35674 ‡tbiblio ‡sets

Additional Resources